| 000 | 00831nas a2200289 4500 | ||
|---|---|---|---|
| 001 | BR2013005159 | ||
| 003 | BR-BrBNA | ||
| 005 | 20231205122614.0 | ||
| 007 | ta | ||
| 008 | 230509b bl.|||p| |||| 00| 00por d | ||
| 040 |
_aBR-BrBNA _bpor _cBiblioteca Nacional de Agricultura |
||
| 041 | _a(Pt) | ||
| 072 | _aH20 | ||
| 100 | 1 | _aKuniyuki, H. | |
| 100 | 1 | _aRezende, J.A.M. | |
| 100 | 1 | _aGaspar, J.O. | |
| 100 | 1 | _aYuki, V.A. | |
| 245 | 1 | _aDetecção do Grapevine leafroll-associated virus 5 no estado de São Paulo | |
| 650 | _aUVA | ||
| 650 | _aENROLAMENTO | ||
| 650 | _aFOLHA | ||
| 650 | _aDOENÇA DE PLANTA | ||
| 650 | _aVÍRUS | ||
| 773 | 0 |
_tSumma Phytopathologica (Brazil) _xISSN 0100-5405 _g(Oct-Dec 2008), v. 34(4) p. 366-367 _wBR2013005159 |
|
| 909 |
_a202311 _bLúcia _c55 _dLúcia Elande |
||
| 942 |
_2AGRIS _n0 _cANA |
||
| 999 |
_c229536 _d229536 |
||